00883cam a22003017a 4500003000500000005001700005008004100022010001000063011001000073035001000083040000900093082002400102110000800126245005800134260002400192300000700216410000800223490008000231505006900311650001800380650002800398650002200426700001600448700001400464700001500478810000800493830008000501CHAP20220817042914.0990805s1995 it a r 00010 spa d a59509 a60481 a64643 cCHAP a639.309688bF3Y v.1 aFAO 0aPacífico centro-orientalc/por W. Fischer [y otros] aRoma :bFAO,c1995- av. aFAO 0aGuía para la identificación de especies para los fines de la pescav; 1 aContenido : Pte.1 Plantas e invertebrados -- Pte.2-3 Vertebrados14aFauna marina.14aPecesxClasificación.14aRecursos marinos.0 aFischer, W.0 aKrupp, F.0 aSommer, C.0 aFAO0 aGuía para la identificación de especies para los fines de la pescav; 1